• AIU
  • Tony Wilmot Memorial Library
Normal view MARC view

Entry Topical Term

Number of records used in: 1

001 - CONTROL NUMBER

  • control field: 55781

003 - CONTROL NUMBER IDENTIFIER

  • control field: OSt

005 - DATE AND TIME OF LATEST TRANSACTION

  • control field: 20231208142351.0

008 - FIXED-LENGTH DATA ELEMENTS

  • fixed length control field: 231208|| aca||aabn | a|a d

040 ## - CATALOGING SOURCE

  • Original cataloging agency: OSt
  • Transcribing agency: OSt

600 ## -

  • : Kamba language
  • : Texts

670 ## - SOURCE DATA FOUND

  • Source citation: Work cat.: (OSt)43653: Maandiko matheu ma Ngai metawa Mbivilia, c1974